LEADER 00837nam a2200265 i 4500 001 991002632399707536 005 20020508203455.0 008 960411s1995 it ||| | ita 020 $a8805055409 035 $ab11038123-39ule_inst 035 $aPARLA166282$9ExL 040 $aDip.to Filosofia$bita 082 0 $a111.84 100 1 $aPossenti, Vittorio$0153903 245 10$aDio e il male /$cVittorio Possenti 260 $aTorino :$bSEI,$c1995 300 $a66 p. ;$c19 cm 490 0 $aStudi di filosofia 650 4$aMale 907 $a.b11038123$b23-02-17$c28-06-02 912 $a991002632399707536 945 $aLE005 MF 48 L 14$g1$i2005000231520$lle005$o-$pE0.00$q-$rl$s- $t0$u1$v0$w1$x0$y.i11160615$z28-06-02 996 $aDio e il male$9858750 997 $aUNISALENTO 998 $ale005$b01-01-96$cm$da $e-$fita$git $h0$i1